000 00443nam a22001937a 4500
003 bpm
005 20260316074518.0
008 240502b2021 ||| |||| |||| 001 1 spa d
020 _a9789508876164
024 _aS. C. C. / M. C. y E. M.:
040 _aAR-CtUCP
041 _aspa
080 _aCDU
100 _aRíos Nacha
245 _aBitácora de cuentos
260 _aBuenos Aires
_bArgenta
_c2021
942 _cLIB
999 _c75888
_d75888